Catalog

Record Details

Catalog Search



Available copies

  • 3 of 3 copies available at LARL/NWRL Consortium.
  • 2 of 2 copies available at Lake Agassiz Regional Library. (Show preferred library)

Current holds

0 current holds with 3 total copies.

Show Only Available Copies
Location Call Number / Copy Notes Barcode Shelving Location Status Due Date
Detroit Lakes Public Library 921 TUR (Text) 33500013624838 Main Available -
Moorhead Public Library 921 TUR (Text) 33500013623103 Main Available -
Thief River Falls Public Library 921 TUR (Text) 35500006589715 Main Available -

Record details

  • ISBN: 9781982118181
  • ISBN: 1982118180
  • Physical Description: xii, 257 pages ; 24 cm
  • Edition: First One Signal Publishers/Atria Books hardcover ... Read More
  • Publisher: New York : One Signal Publishers/Atria, 2022.

Content descriptions

Formatted Contents Note:
"I've decided to become a woman" -- "Like an ... Read More
Summary, etc.:
"When a box from her mother showed up on Katy ... Read More
Subject: Tur, Katy, 1983-
Tur, Katy, 1983- > Family.
Women television journalists > United States > Biography.
Television journalists > United States > Biography.
Television journalists.
Women television journalists.
United States.
Genre: Biographies.
Autobiographies.
Biographies.
LDR 02817cam a22004698i 4500
001384411
003LARL_NWRL_CONSORTIUM
00520220705161927.0
008220201t20222022nyu e 000 0aeng d
040 . ‡aUKMGB ‡beng ‡erda ‡cUKMGB ‡dDAD ‡dIK2 ‡dCPL ‡dVIA ‡dOCLCF ‡dVP@ ‡dOI6 ‡dEHH ‡dJQM
015 . ‡aGBC260344 ‡2bnb
0167 . ‡a020545079 ‡2Uk
020 . ‡a9781982118181 ‡q(hardcover)
020 . ‡a1982118180 ‡q(hardcover)
035 . ‡a(OCoLC)1314364995
043 . ‡an-us---
08204. ‡a070.92 ‡223
1001 . ‡aTur, Katy, ‡d1983- ‡eauthor. ‡0(LARL_NWRL_CONSORTIUM)225338
24510. ‡aRough draft : ‡ba memoir / ‡cKaty Tur.
250 . ‡aFirst One Signal Publishers/Atria Books hardcover edition.
264 1. ‡aNew York : ‡bOne Signal Publishers/Atria, ‡c2022.
264 4. ‡c©2022
300 . ‡axii, 257 pages ; ‡c24 cm
336 . ‡atext ‡btxt ‡2rdacontent
337 . ‡aunmediated ‡bn ‡2rdamedia
338 . ‡avolume ‡bnc ‡2rdacarrier
520 . ‡a"When a box from her mother showed up on Katy Tur's doorstep, months into the pandemic and just as she learned she was pregnant with her second child, she didn't now what to expect. The box contained thousands of hours of video - the work of her pioneering helicopter journalist parents. They grew rich and famous for their aerial coverage of Madonna and Sean Penn's secret wedding, the Reginald Denny beating in the 1992 Lost Angeles riots, and O.J. Simpson's notorious run in the white Bronco. To Katy, these family videos were an inheritance of sorts, and a reminder of who she was before she was her own breakout success as a reporter"--Dust jacket flap.
5050 . ‡a"I've decided to become a woman" -- "Like an angel" -- "How dare you. I'm your daughter" -- "You're Bob Tur's kid" -- "Princess" -- "Bob Tur is dead" -- "Send me now!" -- "Zis ees not what we do en France" -- "I hear you have a crazy father too" -- "Now the fun begins" -- "Thinks she is Cronkite" -- "She left?...She left" -- "Katy Tur, go home!" -- "Fake news anchor" -- "We've got to get him out now" -- "Can I see your nipples?" -- "It's gonna be great" -- "Happy new year!" -- "Are we going to keep our jobs?" -- "Congratulations! Today is your day."
60010. ‡aTur, Katy, ‡d1983- ‡0(LARL_NWRL_CONSORTIUM)225338
60010. ‡aTur, Katy, ‡d1983- ‡xFamily.
650 0. ‡aWomen television journalists ‡zUnited States ‡vBiography.
650 0. ‡aTelevision journalists ‡zUnited States ‡vBiography. ‡0(LARL_NWRL_CONSORTIUM)167680
650 7. ‡aTelevision journalists. ‡2fast ‡0(LARL_NWRL_CONSORTIUM)36553
650 7. ‡aWomen television journalists. ‡2fast ‡0(LARL_NWRL_CONSORTIUM)41946
651 7. ‡aUnited States. ‡2fast ‡0(LARL_NWRL_CONSORTIUM)54625
655 7. ‡aBiographies. ‡2fast
655 7. ‡aAutobiographies. ‡2lcgft
655 7. ‡aBiographies. ‡2lcgft
901 . ‡a384411 ‡bOCoLC ‡c384411 ‡tbiblio ‡soclc

Additional Resources